| 000 | 00572nam a22001817a 4500 | ||
|---|---|---|---|
| 005 | 20150303164959.0 | ||
| 008 | 150303b ag||||| |||| 00| 0 esp d | ||
| 050 | 0 | 4 |
_aBV 5080 _bL85 |
| 100 | 1 |
_aLulio, Raimundo _d1236-1315 |
|
| 245 | 1 | 3 |
_aEl árbol de la ciencia / _cRaimundo Lulio, |
| 250 | _aPrimera edición: | ||
| 260 |
_aBuenos Aires, Argentina : _bTor, |
||
| 300 |
_a157 paginas , _c18 X 12 centímetros, |
||
| 440 |
_aNueva biblioteca tor, _vNúmero: 63 |
||
| 504 | _aIncluye: Indice | ||
| 650 | 7 |
_2Lemb _aFilosofía _xReligión _xCiencias |
|
| 942 |
_2lcc _cLIB |
||
| 999 |
_c89467 _d89467 |
||